[Event "SRB-chT Premier"]
[Site "Ruma"]
[Date "2020.09.27"]
[Round "3.2"]
[White "Damljanovic, Branko"]
[Black "Vlatkovic, Sinisa"]
[Result "1-0"]
[WhiteElo "2502"]
[BlackElo "2251"]
[PlyCount "45"]
[EventDate "2020.09.25"]
[EventType "team-tourn"]
[EventRounds "11"]
[EventCountry "SRB"]
[SourceTitle "CBM 198 Extra"]
[Source "ChessBase"]
[SourceDate "2020.11.30"]
[SourceVersion "1"]
[SourceVersionDate "2020.11.30"]
[SourceQuality "1"]
[WhiteTeam "Vladimirci"]
[BlackTeam "Nova Pazova Mladost"]
[WhiteTeamCountry "SRB"]
[BlackTeamCountry "SRB"]

1. c4 c6 2. d4 d5 3. Nf3 Nf6 4. Nc3 g6 5. e3 Bg7 6. Bd3 0-0 7. 0-0 Be6 8. Qe2 dxc4 9. Bxc4 Bxc4 10. Qxc4 b5 11. Qe2 b4 12. Na4 Qa5 13. Qc2 Nbd7 14. Bd2 Qb5 15. Rfc1 Rac8 16. Qb3 a5 17. Nc5 Rfd8 18. a3 Nxc5 19. Rxc5 Qb6 20. axb4 Rb8 21. Rcxa5 Ne4 22. Be1 Nd6 23. Qc2 1-0

[Event "SRB-chT Premier"]
[Site "Ruma"]
[Date "2020.09.26"]
[Round "2.6"]
[White "Vlatkovic, Sinisa"]
[Black "Abramovic, Bosko"]
[Result "1/2-1/2"]
[WhiteElo "2251"]
[BlackElo "2336"]
[PlyCount "37"]
[EventDate "2020.09.25"]
[EventType "team-tourn"]
[EventRounds "11"]
[EventCountry "SRB"]
[SourceTitle "CBM 198 Extra"]
[Source "ChessBase"]
[SourceDate "2020.11.30"]
[SourceVersion "1"]
[SourceVersionDate "2020.11.30"]
[SourceQuality "1"]
[WhiteTeam "Nova Pazova Mladost"]
[BlackTeam "Belgrade Crvena Zvezda"]
[WhiteTeamCountry "SRB"]
[BlackTeamCountry "SRB"]

1. d4 d5 2. c4 e6 3. Nc3 a6 4. cxd5 exd5 5. Bf4 Nf6 6. e3 Bd6 7. Bg5 Be6 8. Bd3 Nbd7 9. f4 h6 10. Bh4 g5 11. f5 Bxf5 12. Bxf5 gxh4 13. Nf3 Qe7 14. Qd3 Nb6 15. 0-0 Nh5 16. Bh3 Ng7 17. e4 0-0 18. e5 Bb4 19. Qe3 1/2-1/2

[Event "Vojvodina-chT"]
[Site "Kovacica"]
[Date "2019.11.05"]
[Round "7.2"]
[White "Vlatkovic, Sinisa"]
[Black "Savanovic, Vuk"]
[Result "0-1"]
[WhiteElo "2290"]
[BlackElo "2250"]
[PlyCount "74"]
[EventDate "2019.11.01"]
[EventType "team-tourn"]
[EventRounds "11"]
[EventCountry "SRB"]
[SourceTitle "CBM 192 Extra"]
[Source "Chessbase"]
[SourceDate "2019.11.06"]
[SourceVersion "1"]
[SourceVersionDate "2019.11.06"]
[SourceQuality "1"]
[WhiteTeam "Nova Pazova Mladost"]
[BlackTeam "Novi Sad Vojvodina"]
[WhiteTeamCountry "SRB"]
[BlackTeamCountry "SRB"]

1. Nf3 Nf6 2. g3 g6 3. Bg2 Bg7 4. 0-0 0-0 5. c4 d6 6. d4 Nc6 7. d5 Na5 8. Na3 c5 9. Re1 a6 10. e4 b5 11. cxb5 axb5 12. b4 cxb4 13. Nc2 Bg4 14. Rb1 Nd7 15. h3 Bxf3 16. Qxf3 Bc3 17. Rf1 Ne5 18. Qe2 Nac4 19. f4 Nd7 20. Nxb4 Bxb4 21. Rxb4 Qa5 22. a3 Nxa3 23. Bd2 Nc2 24. Rxb5 Qa6 25. Bc3 Rfc8 26. Bb2 Rc5 27. Rc1 Qxb5 28. Qxb5 Rxb5 29. Rxc2 Nc5 30. Bd4 Nxe4 31. Bxe4 Rb4 32. Bxg6 Rxd4 33. Bh5 Rxd5 34. Bf3 Rc5 35. Rf2 Rac8 36. Kg2 Rc2 37. Be2 R8c3 0-1

[Event "Vojvodina-chT 2nd League"]
[Site "Novi Sad"]
[Date "2018.11.13"]
[Round "6.1"]
[White "Gajcin, Marina"]
[Black "Vlatkovic, Sinisa"]
[Result "1-0"]
[WhiteElo "2161"]
[BlackElo "2283"]
[PlyCount "99"]
[EventDate "2018.11.09"]
[EventType "team-tourn"]
[EventRounds "11"]
[EventCountry "SRB"]
[SourceTitle "CBM 187 Extra"]
[Source "ChessBase"]
[SourceDate "2018.11.04"]
[SourceVersion "1"]
[SourceVersionDate "2018.11.04"]
[SourceQuality "1"]
[WhiteTeam "Sombor"]
[BlackTeam "Nova Pazova Mladost"]
[WhiteTeamCountry "SRB"]
[BlackTeamCountry "SRB"]

1. e4 d6 2. d4 g6 3. Nc3 Bg7 4. Be3 a6 5. a4 Nf6 6. h3 0-0 7. Nf3 b6 8. Bd3 Nc6 9. 0-0 Nb4 10. Be2 Bb7 11. Nd2 c5 12. dxc5 bxc5 13. f4 e6 14. Bf3 Qc7 15. Ne2 d5 16. e5 d4 17. Bf2 Bxf3 18. Nxf3 Ne4 19. Bh4 Rab8 20. Rb1 Qc6 21. c3 Nd5 22. Qd3 Ne3 23. Rfc1 c4 24. Qxd4 Nf5 25. Qd1 g5 26. Ned4 Nxd4 27. Nxd4 Qc7 28. Qe2 f5 29. exf6 gxh4 30. Qxe4 Rxf6 31. Rf1 Rbf8 32. Nxe6 Qb6+ 33. Nd4 Rd6 34. Kh1 Bxd4 35. cxd4 Rxd4 36. Qe7 Qf6 37. Qxf6 Rxf6 38. f5 Kg7 39. Rbe1 Kh6 40. Re7 Rd2 41. Re4 Kh5 42. Rxc4 Rxb2 43. Rg4 a5 44. Rff4 h6 45. Rxh4+ Kg5 46. Rhg4+ Kh5 47. Rg8 Rc2 48. g4+ Kh4 49. g5+ Kxh3 50. gxf6 1-0

[Event "Vojvodina-chT 2nd League"]
[Site "Novi Sad"]
[Date "2018.11.12"]
[Round "5.4"]
[White "Vlatkovic, Sinisa"]
[Black "Obodchuk, Andrei"]
[Result "1-0"]
[WhiteElo "2283"]
[BlackElo "2319"]
[PlyCount "79"]
[EventDate "2018.11.09"]
[EventType "team-tourn"]
[EventRounds "11"]
[EventCountry "SRB"]
[SourceTitle "CBM 187 Extra"]
[Source "ChessBase"]
[SourceDate "2018.11.04"]
[SourceVersion "1"]
[SourceVersionDate "2018.11.04"]
[SourceQuality "1"]
[WhiteTeam "Nova Pazova Mladost"]
[BlackTeam "Srpska Crnja Buducnost"]
[WhiteTeamCountry "SRB"]
[BlackTeamCountry "SRB"]

1. Nf3 Nf6 2. d4 g6 3. g3 Bg7 4. Bg2 0-0 5. 0-0 d6 6. c4 Nc6 7. b3 Bg4 8. Bb2 Qc8 9. d5 Nb8 10. Re1 Na6 11. Nbd2 e5 12. dxe6 Bxe6 13. Ng5 Bf5 14. e4 Bg4 15. Bf3 Bd7 16. e5 Ne8 17. Bd5 dxe5 18. Bxe5 Nf6 19. Bxf6 Bxf6 20. Nde4 Bxg5 21. Nxg5 Nb4 22. Ne4 Nxd5 23. Qxd5 Bc6 24. Nf6+ Kh8 25. Qd4 Qf5 26. g4 Qf3 27. Nd5+ f6 28. Re3 Bxd5 29. cxd5 c5 30. Qc4 b5 31. Rxf3 bxc4 32. bxc4 Rab8 33. Rb3 Rbe8 34. Rb5 Re4 35. Rxc5 Rxg4+ 36. Kh1 Rb8 37. Rc7 Rb2 38. d6 Rd4 39. c5 Rdd2 40. Re1 1-0

[Event "Vojvodina-chT 2nd League"]
[Site "Novi Sad"]
[Date "2018.11.11"]
[Round "3.3"]
[White "Vlatkovic, Sinisa"]
[Black "Ratkovic, Miloje"]
[Result "0-1"]
[WhiteElo "2283"]
[BlackElo "2403"]
[PlyCount "67"]
[EventDate "2018.11.09"]
[EventType "team-tourn"]
[EventRounds "11"]
[EventCountry "SRB"]
[SourceTitle "CBM 187 Extra"]
[Source "ChessBase"]
[SourceDate "2018.11.04"]
[SourceVersion "1"]
[SourceVersionDate "2018.11.04"]
[SourceQuality "1"]
[WhiteTeam "Nova Pazova Mladost"]
[BlackTeam "Elemir Naftagas"]
[WhiteTeamCountry "SRB"]
[BlackTeamCountry "SRB"]

1. d4 Nf6 2. c4 c5 3. Nf3 cxd4 4. Nxd4 Nc6 5. Nc3 g6 6. g3 d6 7. Bg2 Bd7 8. c5 dxc5 9. Nxc6 Bxc6 10. Bxc6+ bxc6 11. Qa4 Qb6 12. Bg5 Bg7 13. Bxf6 exf6 14. Qe4+ Kf8 15. 0-0 f5 16. Qf3 Bf6 17. Rac1 Qxb2 18. e4 Kg7 19. exf5 Qa3 20. Kg2 Rad8 21. Ne4 Qxf3+ 22. Kxf3 Rd5 23. fxg6 hxg6 24. Rxc5 Rxc5 25. Nxc5 Rxh2 26. Rc1 Bd4 27. Rc2 Rh5 28. Nd3 Ra5 29. Rc4 Bb6 30. a4 Kf8 31. g4 Ke8 32. Re4+ Kf8 33. Rc4 Rd5 34. Ke4 0-1

[Event "SRB-chT2 West CS"]
[Site "Serbia"]
[Date "2016.10.08"]
[Round "10.3"]
[White "Vlatkovic, Sinisa"]
[Black "Savic, Petar A"]
[Result "1-0"]
[WhiteElo "2264"]
[BlackElo "2068"]
[PlyCount "69"]
[EventDate "2016.09.04"]
[EventType "team-tourn"]
[EventRounds "11"]
[EventCountry "SRB"]
[SourceTitle "EXT 2018"]
[Source "ChessBase"]
[SourceDate "2017.10.13"]
[SourceVersion "1"]
[SourceVersionDate "2017.10.13"]
[SourceQuality "1"]

1. d4 Nf6 2. c4 c5 3. d5 d6 4. Nc3 e6 5. e4 e5 6. h3 g6 7. g4 Bg7 8. Be3 Bd7 9. Qd2 h5 10. g5 Ng8 11. f4 Qe7 12. Nf3 exf4 13. Bxf4 Na6 14. 0-0-0 0-0-0 15. e5 dxe5 16. Re1 f6 17. gxf6 Qxf6 18. Nxe5 Bh6 19. Bxh6 Nxh6 20. Nxd7 Rxd7 21. Rg1 Nf5 22. Qg5 Qd4 23. Nb5 Qf2 24. Re2 Qh4 25. Qxg6 Qf4+ 26. Kb1 Ne3 27. Re1 Nb4 28. Bd3 Nxd3 29. Qxd3 Nxc4 30. Nxa7+ Kb8 31. Nb5 Nd2+ 32. Ka1 Nf3 33. Ref1 Rf7 34. Qc3 Rhf8 35. Qxc5 1-0

[Event "Belgrade-chT"]
[Site "Belgrade"]
[Date "2014.09.26"]
[Round "7.6"]
[White "Vlatkovic, Sinisa"]
[Black "Nedeljkovic, Dragan"]
[Result "1/2-1/2"]
[WhiteElo "2285"]
[BlackElo "2120"]
[PlyCount "145"]
[EventDate "2014.09.20"]
[EventType "team-tourn"]
[EventRounds "11"]
[EventCountry "SRB"]
[SourceTitle "CBM 162 Extra"]
[Source "ChessBase"]
[SourceDate "2014.10.17"]
[SourceVersion "1"]
[SourceVersionDate "2014.10.17"]
[SourceQuality "1"]
[WhiteTeam "Grocka"]
[BlackTeam "Belgrade PTT"]
[WhiteTeamCountry "SRB"]
[BlackTeamCountry "SRB"]

1. d4 Nf6 2. c4 c5 3. d5 b5 4. cxb5 a6 5. bxa6 Bxa6 6. Nc3 d6 7. Nf3 g6 8. e4 Bxf1 9. Kxf1 Bg7 10. g3 0-0 11. Kg2 Nbd7 12. Qe2 Qa5 13. Rd1 Qa6 14. Qc2 Rfb8 15. h3 Ne8 16. Bg5 Kf8 17. Qc1 Ne5 18. Ne1 Qa5 19. Bh6 Kg8 20. Bxg7 Kxg7 21. Rd2 Nf6 22. f4 Nc4 23. Re2 Nd7 24. Nd3 f6 25. h4 Qa6 26. Qe1 Rb7 27. Rc1 Rab8 28. Rcc2 Qa5 29. Qc1 Qa6 30. Nf2 Ncb6 31. h5 Na4 32. Ncd1 c4 33. Ne3 c3 34. b3 Nac5 35. Qd1 Rb4 36. Nf1 Qa5 37. hxg6 hxg6 38. Rxc3 Rh8 39. Qc2 Qa8 40. Nd2 f5 41. Rc4 Rbb8 42. Qc3+ Nf6 43. exf5 Qxd5+ 44. Qf3 gxf5 45. Rxe7+ Kf8 46. Qxd5 Nxd5 47. Re2 Ra8 48. Nf1 Kf7 49. b4 Ra4 50. Rd4 Nc3 51. Rc2 Nb5 52. Rd5 Ke6 53. Rcxc5 dxc5 54. Re5+ Kf6 55. Ne3 Nd4 56. bxc5 Rd8 57. c6 Nxc6 58. Rxf5+ Ke6 59. Rc5 Nd4 60. f5+ Kf7 61. Rc7+ Kf8 62. g4 Rxa2 63. Nc4 Rc2 64. Kg3 Ne2+ 65. Kh4 Rd4 66. Rc8+ Kg7 67. Nb6 Rxc8 68. Nxc8 Ng1 69. Ne7 Kf6 70. Nc6 Rc4 71. Nd8 Nf3+ 72. Kg3 Ne5 73. Ne6 1/2-1/2

[Event "Belgrade-chT"]
[Site "Belgrade"]
[Date "2014.09.20"]
[Round "1.4"]
[White "Maric, Dragan"]
[Black "Vlatkovic, Sinisa"]
[Result "1/2-1/2"]
[WhiteElo "2218"]
[BlackElo "2285"]
[PlyCount "51"]
[EventDate "2014.09.20"]
[EventType "team-tourn"]
[EventRounds "11"]
[EventCountry "SRB"]
[SourceTitle "CBM 162 Extra"]
[Source "ChessBase"]
[SourceDate "2014.10.17"]
[SourceVersion "1"]
[SourceVersionDate "2014.10.17"]
[SourceQuality "1"]
[WhiteTeam "GSP Polet"]
[BlackTeam "Grocka"]
[WhiteTeamCountry "SRB"]
[BlackTeamCountry "SRB"]

1. e4 d6 2. d4 Nf6 3. Nc3 e5 4. Nf3 Nbd7 5. Bc4 Be7 6. 0-0 0-0 7. h3 Nb6 8. Bb3 exd4 9. Qxd4 Nfd7 10. Bf4 Nc5 11. Rfe1 Ne6 12. Qd2 Nxf4 13. Qxf4 c6 14. Rad1 Nd7 15. e5 d5 16. Ne2 a6 17. g3 Nc5 18. Nd2 g6 19. c4 Nxb3 20. Nxb3 Qb6 21. cxd5 cxd5 22. Qh6 Re8 23. Nf4 Bb4 24. Re3 Bf5 25. Nd4 Be6 26. Nfxe6 1/2-1/2

[Event "Belgrade-chT"]
[Site "Belgrade"]
[Date "2013.10.20"]
[Round "9.3"]
[White "Hrzic, Ivan"]
[Black "Vlatkovic, Sinisa"]
[Result "1/2-1/2"]
[WhiteElo "2280"]
[BlackElo "2314"]
[PlyCount "20"]
[EventDate "2013.10.12"]
[EventType "team-tourn"]
[EventRounds "11"]
[EventCountry "SRB"]
[SourceTitle "EXT 2014"]
[Source "ChessBase"]
[SourceDate "2013.11.20"]
[SourceVersion "1"]
[SourceVersionDate "2013.11.20"]
[SourceQuality "1"]
[WhiteTeam "GSP Polet"]
[BlackTeam "Grocka"]
[WhiteTeamCountry "SRB"]
[BlackTeamCountry "SRB"]

1. Nf3 g6 2. c4 Bg7 3. g3 e5 4. Nc3 Nc6 5. Bg2 d6 6. 0-0 Nf6 7. d3 0-0 8. Rb1 Bg4 9. b4 Qd7 10. b5 Ne7 1/2-1/2

[Event "Belgrade-chT"]
[Site "Belgrade"]
[Date "2013.10.17"]
[Round "6.6"]
[White "Vlatkovic, Sinisa"]
[Black "Miladinovic, Igor"]
[Result "0-1"]
[WhiteElo "2314"]
[BlackElo "2576"]
[PlyCount "48"]
[EventDate "2013.10.12"]
[EventType "team-tourn"]
[EventRounds "11"]
[EventCountry "SRB"]
[SourceTitle "EXT 2014"]
[Source "ChessBase"]
[SourceDate "2013.11.20"]
[SourceVersion "1"]
[SourceVersionDate "2013.11.20"]
[SourceQuality "1"]
[WhiteTeam "Grocka"]
[BlackTeam "Belgrade"]
[WhiteTeamCountry "SRB"]
[BlackTeamCountry "SRB"]

1. d4 d5 2. c4 Bf5 3. cxd5 Bxb1 4. Qa4+ c6 5. Rxb1 Qxd5 6. Nf3 Nd7 7. a3 Ngf6 8. e3 e6 9. b4 g5 10. Qc2 g4 11. Ne5 Bd6 12. Nxd7 Kxd7 13. h3 h5 14. b5 Rhc8 15. bxc6+ Rxc6 16. Qa4 Ke7 17. hxg4 Rac8 18. Bd2 Ne4 19. Rxh5 Qa2 20. Rd1 Rc1 21. Qa5 R8c3 22. Qg5+ Nxg5 23. Rxc1 Rxc1+ 24. Bxc1 Ne4 0-1

[Event "Belgrade-chT"]
[Site "Belgrade"]
[Date "2013.10.12"]
[Round "1.3"]
[White "Vlatkovic, Sinisa"]
[Black "Stamenkovic, Aleksandar"]
[Result "1/2-1/2"]
[WhiteElo "2314"]
[BlackElo "2318"]
[PlyCount "57"]
[EventDate "2013.10.12"]
[EventType "team-tourn"]
[EventRounds "11"]
[EventCountry "SRB"]
[SourceTitle "EXT 2014"]
[Source "ChessBase"]
[SourceDate "2013.11.20"]
[SourceVersion "1"]
[SourceVersionDate "2013.11.20"]
[SourceQuality "1"]
[WhiteTeam "Grocka"]
[BlackTeam "Post Stedionica"]
[WhiteTeamCountry "SRB"]
[BlackTeamCountry "SRB"]

1. Nf3 Nf6 2. g3 d5 3. Bg2 c6 4. d3 Bf5 5. 0-0 e6 6. Nbd2 Be7 7. Qe1 0-0 8. e4 dxe4 9. dxe4 Bg6 10. Ne5 Nbd7 11. Nxg6 hxg6 12. e5 Nd5 13. Qe2 Qc7 14. Re1 a5 15. h4 a4 16. a3 Qb6 17. Qg4 Qc5 18. c3 N7b6 19. Nf3 Nc4 20. Qe4 Ra5 21. Bf4 Nxb2 22. Bf1 b5 23. Reb1 Nc4 24. Bxc4 Qxc4 25. Qxc4 bxc4 26. Rb7 Rd8 27. Nd4 Rc5 28. Rc7 Bf8 29. Rb1 1/2-1/2

[Event "Belgrade-chT Quality"]
[Site "Belgrade"]
[Date "2011.11.04"]
[Round "11"]
[White "Nikolic, Milos"]
[Black "Vlatkovic, Sinisa"]
[Result "1/2-1/2"]
[WhiteElo "2324"]
[BlackElo "2318"]
[PlyCount "20"]
[EventDate "2011.10.15"]
[EventType "team-swiss"]
[EventRounds "11"]
[EventCountry "SRB"]
[SourceTitle "EXT 2012"]
[Source "ChessBase"]
[SourceDate "2011.11.24"]
[SourceVersion "1"]
[SourceVersionDate "2011.11.24"]
[SourceQuality "1"]

1. e4 d6 2. d4 Nf6 3. Nc3 e5 4. Nf3 Nbd7 5. Bc4 Be7 6. 0-0 0-0 7. Re1 Nb6 8. Bf1 Nfd7 9. Be3 exd4 10. Nxd4 Bf6 1/2-1/2

[Event "SRB-chT quality"]
[Site "Belgrade"]
[Date "2010.10.31"]
[Round "11"]
[White "Vlatkovic, Sinisa"]
[Black "Brkljaca, Ante"]
[Result "1/2-1/2"]
[WhiteElo "2327"]
[BlackElo "2331"]
[PlyCount "21"]
[EventDate "2010.10.09"]
[EventType "team-tourn"]
[EventRounds "11"]
[EventCountry "YUG"]
[SourceTitle "EXT 2011"]
[Source "ChessBase"]
[SourceDate "2010.11.26"]
[SourceVersion "1"]
[SourceVersionDate "2010.11.26"]
[SourceQuality "1"]

1. d4 Nf6 2. c4 c5 3. d5 e6 4. Nc3 exd5 5. cxd5 d6 6. e4 g6 7. h3 Bg7 8. Nf3 0-0 9. Bd3 b6 10. 0-0 Ba6 11. Bf4 1/2-1/2

[Event "SRB-chT quality"]
[Site "Belgrade"]
[Date "2010.10.27"]
[Round "7"]
[White "Vlatkovic, Sinisa"]
[Black "Hrzic, Ivan"]
[Result "0-1"]
[WhiteElo "2327"]
[BlackElo "2273"]
[PlyCount "140"]
[EventDate "2010.10.09"]
[EventType "team-tourn"]
[EventRounds "11"]
[EventCountry "YUG"]
[SourceTitle "EXT 2011"]
[Source "ChessBase"]
[SourceDate "2010.11.26"]
[SourceVersion "1"]
[SourceVersionDate "2010.11.26"]
[SourceQuality "1"]

1. d4 d5 2. Nf3 Nc6 3. Bf4 Bg4 4. e3 e6 5. c4 Bd6 6. Bg3 Bxg3 7. hxg3 Nf6 8. Nc3 dxc4 9. Bxc4 0-0 10. 0-0 Qe7 11. Be2 Rfd8 12. Qb3 Qb4 13. Qxb4 Nxb4 14. Rac1 c6 15. a3 Nbd5 16. Na4 Ne4 17. Nc5 Nxc5 18. Rxc5 Nf6 19. Rfc1 Rd5 20. R5c2 Bf5 21. Rc3 Bg4 22. Kf1 Ne4 23. R3c2 Nf6 24. Ne5 Bxe2+ 25. Kxe2 Nd7 26. Nd3 Re8 27. b4 a6 28. f4 Re7 29. Nc5 Nxc5 30. bxc5 Kf8 31. Rb2 Ke8 32. g4 h6 33. Rcb1 Rdd7 34. Rh1 f6 35. Rh5 e5 36. dxe5 fxe5 37. f5 Kf7 38. e4 Rd4 39. Ke3 Rc4 40. Rd2 Rc3+ 41. Rd3 Rxd3+ 42. Kxd3 Rd7+ 43. Ke3 Rd1 44. g5 hxg5 45. Rxg5 Ra1 46. Rg6 Rxa3+ 47. Ke2 Ra4 48. Ke3 Ra3+ 49. Ke2 Rc3 50. Rd6 Rxc5 51. Rd7+ Kf6 52. Rxb7 a5 53. Ra7 Rc4 54. Kd3 Ra4 55. Rc7 Rd4+ 56. Ke3 Rc4 57. Kd3 Rc1 58. Kd2 Rc5 59. Kd3 g6 60. g4 gxf5 61. exf5 a4 62. Ra7 Rd5+ 63. Ke3 Rd4 64. Kf3 Rd3+ 65. Kf2 a3 66. Ra5 e4 67. Ke2 Rh3 68. Kf2 e3+ 69. Ke2 a2 70. Kd3 e2+ 0-1

[Event "SRB-chT quality"]
[Site "Belgrade"]
[Date "2010.10.24"]
[Round "6"]
[White "Galiot, Goran"]
[Black "Vlatkovic, Sinisa"]
[Result "1-0"]
[WhiteElo "2341"]
[BlackElo "2327"]
[PlyCount "73"]
[EventDate "2010.10.09"]
[EventType "team-tourn"]
[EventRounds "11"]
[EventCountry "YUG"]
[SourceTitle "EXT 2011"]
[Source "ChessBase"]
[SourceDate "2010.11.26"]
[SourceVersion "1"]
[SourceVersionDate "2010.11.26"]
[SourceQuality "1"]

1. d4 Nf6 2. c4 e6 3. Nc3 d5 4. Bg5 Nbd7 5. Nf3 c6 6. e3 Qa5 7. Nd2 dxc4 8. Bxf6 Nxf6 9. Nxc4 Qc7 10. Bd3 Be7 11. 0-0 0-0 12. Rc1 Rd8 13. Ne5 Bd7 14. f4 c5 15. b4 cxd4 16. Nd5 Qd6 17. Nxf6+ Bxf6 18. Bxh7+ Kf8 19. Rc4 Bxe5 20. fxe5 Qxe5 21. Rxd4 Qxe3+ 22. Kh1 Ke7 23. Rdf4 Be8 24. Qg4 Qe5 25. Re4 Qb5 26. Qh4+ Kf8 27. Qf2 Rd2 28. Qf4 Qd5 29. Qg4 Bb5 30. Rg1 Bd3 31. Rd4 Qb5 32. a4 Be2 33. axb5 Bxg4 34. Rxd2 g6 35. Bxg6 fxg6 36. h3 Bf5 37. Re1 1-0

[Event "SRB-chT quality"]
[Site "Belgrade"]
[Date "2010.10.17"]
[Round "4"]
[White "Vlatkovic, Sinisa"]
[Black "Cerovic, Danilo"]
[Result "1/2-1/2"]
[WhiteElo "2327"]
[BlackElo "2295"]
[PlyCount "24"]
[EventDate "2010.10.09"]
[EventType "team-tourn"]
[EventRounds "11"]
[EventCountry "YUG"]
[SourceTitle "EXT 2011"]
[Source "ChessBase"]
[SourceDate "2010.11.26"]
[SourceVersion "1"]
[SourceVersionDate "2010.11.26"]
[SourceQuality "1"]

1. d4 Nf6 2. Nf3 g6 3. c4 Bg7 4. Nc3 d5 5. Qb3 dxc4 6. Qxc4 0-0 7. Bf4 c6 8. e3 Qa5 9. b4 Qa3 10. Nb1 Qa4 11. Nc3 Qa3 12. Nb1 Qa4 1/2-1/2

[Event "BIH CFFBH-chT1"]
[Site "Cazin"]
[Date "2009.06.28"]
[Round "3"]
[White "Bajramovic, Halid"]
[Black "Vlatkovic, Sinisa"]
[Result "0-1"]
[WhiteElo "2245"]
[BlackElo "2344"]
[PlyCount "62"]
[EventDate "2009.06.27"]
[EventType "team-tourn"]
[EventRounds "9"]
[EventCountry "BIH"]
[SourceTitle "EXT 2019"]
[Source "ChessBase"]
[SourceDate "2018.10.10"]
[SourceVersion "1"]
[SourceVersionDate "2018.10.10"]
[SourceQuality "1"]

1. d4 Nf6 2. c4 e6 3. Nf3 d5 4. Nc3 c6 5. Bg5 Nbd7 6. c5 h6 7. Bh4 g5 8. Bg3 Nh5 9. Be5 f6 10. Bg3 Nxg3 11. hxg3 b6 12. b4 bxc5 13. bxc5 Qa5 14. Qd2 Bg7 15. e3 f5 16. Be2 Nxc5 17. 0-0 Nd7 18. Rac1 Ba6 19. Rc2 0-0 20. Rfc1 Rac8 21. Ne1 Bxe2 22. Qxe2 e5 23. g4 Rce8 24. dxe5 Nxe5 25. gxf5 Rxf5 26. e4 Rff8 27. Qf1 d4 28. Nd1 Qb5 29. Nb2 Rf4 30. f3 Qxf1+ 31. Kxf1 Rff8 0-1

[Event "BIH CFFBH-chT1"]
[Site "Cazin"]
[Date "2009.06.27"]
[Round "1"]
[White "Trkulja, Goran"]
[Black "Vlatkovic, Sinisa"]
[Result "1/2-1/2"]
[WhiteElo "2312"]
[BlackElo "2344"]
[PlyCount "22"]
[EventDate "2009.06.27"]
[EventType "team-tourn"]
[EventRounds "9"]
[EventCountry "BIH"]
[SourceTitle "EXT 2019"]
[Source "ChessBase"]
[SourceDate "2018.10.10"]
[SourceVersion "1"]
[SourceVersionDate "2018.10.10"]
[SourceQuality "1"]

1. d4 d5 2. c4 e6 3. Nf3 Nf6 4. e3 Be7 5. Nc3 0-0 6. Bd3 dxc4 7. Bxc4 c5 8. 0-0 Nc6 9. dxc5 Bxc5 10. a3 a6 11. b4 Bb6 1/2-1/2